|
|
|
|
| LEADER |
00000nam2a2200000 4500 |
| 001 |
297284 |
| 005 |
20231102001007.0 |
| 035 |
|
|
|a (RuTPU)RU\TPU\book\322417
|
| 090 |
|
|
|a 297284
|
| 100 |
|
|
|a 20150606d1983 k y0rusy5003 ca
|
| 101 |
0 |
|
|a rus
|
| 102 |
|
|
|a UA
|
| 105 |
|
|
|a a z 001zy
|
| 200 |
0 |
|
|a Вып. 28
|
| 210 |
|
|
|d 1983
|
| 215 |
|
|
|a 120 с.
|c ил.
|
| 320 |
|
|
|a Библиография в конце статей
|
| 461 |
|
1 |
|0 (RuTPU)RU\TPU\book\242620
|t Физическая электроника
|o республиканский межведомственный научно-технический сборник
|f Львовский политехнический институт
|v Вып. 28
|d 1972-1990
|
| 606 |
1 |
|
|a Электроника физическая
|x (электроника)
|2 stltpush
|3 (RuTPU)RU\TPU\subj\68671
|9 83861
|
| 610 |
1 |
|
|a анизотропные энергетические зоны
|
| 610 |
1 |
|
|a электронный газ
|
| 610 |
1 |
|
|a диамагнитная восприимчивость
|
| 610 |
1 |
|
|a плотность состояний
|
| 610 |
1 |
|
|a давыдовское расщепление
|
| 610 |
1 |
|
|a температурная зависимость
|
| 610 |
1 |
|
|a интегралы Ферми-Дирака
|
| 610 |
1 |
|
|a аппроксимация
|
| 610 |
1 |
|
|a обобщенная формула Эренберга
|
| 610 |
1 |
|
|a локализованные задачи
|
| 610 |
1 |
|
|a функции Грина
|
| 610 |
1 |
|
|a вычисление
|
| 675 |
|
|
|a 621.38
|z rus
|v 4
|
| 801 |
|
0 |
|a RU
|b RuMRKP
|c 19950704
|g psbo
|
| 801 |
|
1 |
|a RU
|b 63413507
|c 20150606
|
| 801 |
|
2 |
|a RU
|b 63413507
|c 20190305
|g RCR
|
| 942 |
|
|
|c BK
|